00605nam a2200181Ia 4500003000900000008004100009040001600050080002600066110003300092245013900125260005000264300000900314500001900323650001600342650002600358650001800384650002100402IN-BaIIA211028s9999 xx 000 0 eng d cIIA Library a083.7:669.14-423bISI aIndian Standards Institution 0aIndian standard code of practice for corrosion protection of light gauge steel sections used in buildingcIndian Standards Institution aNew DelhibIndian Standards Institutionc1968 a13p. aIS 4180 : 1967 a Buildings a Light Gauge Steel  a Standards  aNASA Thesaurus